000 00404pab a2200157 454500
008 180718b2005 xxu||||| |||| 00| 0 eng d
100 _aSingh, S.N.
245 _aSocial revolution through constitution of India
260 _c2005
300 _ap.145-56.
650 _aIndia - Constitution
650 _aSocial justice - India
650 _aSocial justice
773 _aISDA Journal
909 _a67781
999 _c67781
_d67781